|
|
|
|
| LEADER |
01078nam a22002897a 4500 |
| 001 |
34633 |
| 003 |
BD-DhAAL |
| 005 |
20190508093626.0 |
| 008 |
190508r20172015ii a|||| |||| 001 0 eng d |
| 999 |
|
|
|c 40724
|d 40724
|
| 020 |
|
|
|a 9788126562961
|
| 040 |
|
|
|a BD-DhAAL
|
| 082 |
|
|
|a 512.5
|2 20
|
| 100 |
|
|
|a Anton, Howard
|9 31548
|
| 245 |
|
|
|a Elementary Linear Algebra :
|b with Supplemental Applications /
|c Howard Anton; Chris Rorres
|
| 250 |
|
|
|a Eleventh edition
|
| 260 |
|
|
|a New Delhi :
|b Wiley,
|c ©2015 [reprinted 2017]
|
| 300 |
|
|
|a xiii, 769 pages :
|b illustrations ;
|c 26 cm
|
| 500 |
|
|
|a Includes index.
|
| 500 |
|
|
|a International student version
|
| 526 |
|
|
|a MNS
|
| 541 |
|
|
|a Mullick & Brothers
|e 34633
|
| 650 |
|
|
|a Algebras, Linear
|v Textbooks
|9 31549
|
| 700 |
|
|
|a Rorres, Chris
|9 31550
|
| 852 |
|
|
|a Ayesha Abed Library
|c General Stacks
|
| 942 |
|
|
|2 ddc
|c BK
|
| 952 |
|
|
|0 0
|1 0
|2 ddc
|4 0
|6 512_500000000000000_ANT
|7 0
|9 65410
|a BRACUL
|b BRACUL
|c GEN
|d 2019-04-24
|e Mullick & Brothers
|g 1080.00
|l 20
|m 104
|o 512.5 ANT
|p 3010034633
|q 2026-05-18
|r 2026-04-22
|s 2026-04-22
|t 1
|v 1080.00
|w 2019-04-24
|y BK
|